País de Europa por ciudad - Estadísticas

Estadísticas generales
  • Esta prueba ha sido intentada 111 veces
  • La puntuación promedio es 29 de 47
Estadísticas de respuestas
Hint Respuesta % Correcto
San Marino San Marino
99%
Luxemburgo Luxemburgo
98%
Sofia Bulgaria
97%
Huesca España
97%
Reikiavik Islandia
96%
La Valeta Malta
93%
Edimburgo Reino Unido
92%
Malmö Suecia
91%
Tirana Albania
90%
Riga Letonia
89%
Belgrado Serbia
89%
Nantes Francia
88%
Kaliningrado Rusia
88%
Praga Chequia
87%
Bratislava Eslovaquia
84%
Salónica Grecia
78%
Bari Italia
74%
Ereván Armenia
72%
Cork Irlanda
70%
Faro Portugal
69%
Wroclaw Polonia
67%
Bergen Noruega
64%
Innsbruck Austria
63%
Pas de la Casa Andorra
58%
Tiraspol Moldavia
58%
Leópolis Ucrania
54%
Kaunas Lituania
50%
Lovaina Bélgica
48%
Mostar Bosnia-Herzegovina
48%
Maguncia Alemania
47%
Brondby Dinamarca
46%
Pafos Chipre
43%
San Galo Suiza
42%
Oulu Finlandia
40%
Gomel Bielorrusia
38%
Debrecen Hungría
38%
Qabala Azerbaiyán
37%
Sibiu Rumanía
37%
Kotor Montenegro
36%
Pula Croacia
34%
Zwolle Holanda
34%
Batman Turquía
34%
Tartu Estonia
33%
Ohrid Macedonia del Norte
33%
Prizren Kosovo
31%
Bled Eslovenia
30%
Kutaisi Georgia
29%
No se encontraron pruebas coincidentes
Distribución de puntuación
Porcentaje de gente con cada puntuación
Porcentaje por número respondido
Historial de tus puntuaciones
No has intentado esta prueba.